Kampányhajrá a közösségi médiában
| Main Author: | |
|---|---|
| Other Authors: | |
| Format: | Thesis |
| Kulcsszavak: | 2018-2022 kampány kommunikáció közösségi média politika |
| Online Access: | http://dolgozattar.uni-bge.hu/58592 |
MARC
| LEADER | 00000nta a2200000 i 4500 | ||
|---|---|---|---|
| 001 | dolg58592 | ||
| 005 | 20251027142052.0 | ||
| 008 | 251027suuuu hu om 000 hun d | ||
| 040 | |a BGE Dolgozattár Repozitórium |b hun | ||
| 041 | |a hu | ||
| 100 | 1 | |a Gódor Csanád | |
| 245 | 1 | 0 | |a Kampányhajrá a közösségi médiában |c Gódor Csanád |h [elektronikus dokumentum] |
| 520 | 3 | |a Absztrakt Szakdolgozatom a „kampányhajrá a közösségi médiában” címet kapta, mivel azt vizsgálom benne, hogy a hazai politikai környezetre milyen hatással van a közösségi média jelenléte. A dolgozatomban a 2018 és 2022 közötti Magyarországon rendezett választásokat vizsgáltam. Szakdolgozatomban választ kerestem arra, hogy a politikai szereplők hogyan használják a közösségi média felületeket, kiváltképp a Facebookot. Továbbá azon kérdésekre kerestem a választ, hogy a Magyarországon tevékenykedő politikai csoportok mekkora hangsúlyt fektetnek a közösségi média kampányra, felmértem a kampányok sikerességét, illetve a kampánystratégiákat. A kutatásom során vizsgáltam politikusokat, pártokat, politikai influenszereket és híroldalakat is. A kutatásomat szakirodalmakban, közösségi médián, illetve a szakdolgozatomban kutatott időintervallumon belül megjelent újságcikkekben található információkból végeztem. Szakdolgozatom eredményeként megállapítottam, hogy a közösségi média politikai célra való felhasználása egy folyamatosan növekvő és a trendeknek megfelelően változó jelenség, a politikai szereplők narratívájukat és saját karakterüket is építik a közösségi médiában, ahol kampányidőszakban akár napi többszöri aktivitással igyekeznek jelen lenni. My thesis was entitled "campaigning on social media", as I investigate the impact of the presence of social media on the domestic political environment. In my thesis, I examined the elections organized in Hungary between 2018 and 2022. In my thesis, I looked for an answer to how political actors use social media platforms, especially Facebook. Furthermore, I looked for answers to the questions of how much emphasis the political groups active in Hungary place on social media campaigns, I assessed the success of the campaigns and the campaign strategies. During my research, I examined politicians, parties, political influencers and news sites. I carried out my research from information found in specialized literature, social media, and newspaper articles published within the time period researched in my thesis. As a result of my thesis, I found that the use of social media for political purposes is a phenomenon that is constantly growing and changing according to trends, political actors build their narrative and their own character in social media, where they try to be active several times a day during the campaign period. | |
| 695 | |a 2018-2022 | ||
| 695 | |a kampány | ||
| 695 | |a kommunikáció | ||
| 695 | |a közösségi média | ||
| 695 | |a politika | ||
| 700 | 1 | |a Nagy Zoltán |e ths | |
| 700 | 1 | |a Zelena Dr. habil András |e ths | |
| 856 | 4 | 0 | |u http://dolgozattar.uni-bge.hu/58592/1/G%C3%B3dor%20Csan%C3%A1d%20szakdolgozat%20v%C3%A9gleges.pdf |z Dokumentum-elérés |
| 856 | 4 | 0 | |u http://dolgozattar.uni-bge.hu/58592/2/B%C3%ADr%C3%A1lati%20lap_K%C3%BCls%C5%91%20b%C3%ADr%C3%A1l%C3%B3_G%C3%B3dor%20Csan%C3%A1d%20Szakdolgozata.docx.pdf |z Dokumentum-elérés |
| 856 | 4 | 0 | |u http://dolgozattar.uni-bge.hu/58592/3/opp_kamp%C3%A1ny_G%C3%B3dorCs.pdf |z Dokumentum-elérés |